NASTAVOVANIE SÚOSOSTI HNACIEHO A HNANÉHO TOČIVÉHO STROJA POMOCOU ZARIADENIA COMBI-LASER

Bibliographic Details
Main Author: Krško, J. (Author)
Format: Article
Language:Slovak
ISBN:8071004898

MARC

LEADER 00000naa a2200000uu 4500
001 vtls010942155
003 SK-MaSNL
005 20260302123323.0
008 210904|1998 xo |||||||||||||||||slo|
015 |a SNBRA 
035 |a (urnnbn)urn:nbn:sk:snk:ar-a0bcna 
035 |a (uuid)b31f60e8-1839-4a10-84d4-96f58740abc5 
035 |a urn:nbn:sk:snk-aau4wf 
040 |a SNKBUCL  |b slo  |c SNKBUCL  |e AACR2 
041 0 |a slo 
044 |a xo  |c SK 
100 1 |a Krško, J.  |4 aut  |9 794019 
245 1 0 |a NASTAVOVANIE SÚOSOSTI HNACIEHO A HNANÉHO TOČIVÉHO STROJA POMOCOU ZARIADENIA COMBI-LASER  |c J. Krško 
773 0 |t Nové smery v diagnostike a opravách elektrických strojov a zariadení  |d V Žiline : Žilinská univerzita, 1998  |g S. 64-67  |z 8071004898 
958 |a OND 
958 |a article11 
958 |a chapter 
999 |c 1282376  |d 1284306